LEADER 01519nam0 2200433 450 001 000043443 005 20171027105303.0 010 $a88-343-0885-9 100 $a20171026d2004----km-y0itaa50------ba 101 0 $aita 102 $aIT 200 1 $aDella finzione$fRoger Odin 210 $aMilano$cV&P università$d2004 215 $aXXXI, 275 p.$d22 cm 225 2 $aMedia spettacolo processi culturali$iRicerche 300 $aTraduzione di Anna Masecchia 410 0$12001$aMedia spettacolo processi culturali$iRicerche 500 10$aDe la fiction$91532121 606 1 $aCinema$xTeorie 676 $a791.43014$v(22. ed.)$9CINEMA. Linguaggi e comunicazione 700 1$aOdin,$bRoger$0478047 702 1$aMasecchia,$bAnna 801 0$aIT$bUniversità della Basilicata - B.I.A.$gREICAT$2unimarc 912 $a000043443 996 $aDe la fiction$91532121 997 $aUNIBAS BAS $aLETTERE CAT $aMDL$b30$c20171026$lBAS01$h1319 CAT $aMDL$b30$c20171026$lBAS01$h1320 CAT $aMDL$b30$c20171026$lBAS01$h1321 CAT $aMDL$b30$c20171026$lBAS01$h1321 CAT $aMDL$b30$c20171026$lBAS01$h1321 CAT $aMDL$b30$c20171027$lBAS01$h0913 CAT $aMDL$b30$c20171027$lBAS01$h0913 CAT $aMDL$b30$c20171027$lBAS01$h0914 CAT $aMDL$b30$c20171027$lBAS01$h0914 CAT $aMDL$b30$c20171027$lBAS01$h1053 FMT Z30 -1$lBAS01$LBAS01$mBOOK$1BASA1$APolo Storico-Umanistico$2DID$BDidattica$6115362$5L115362$820171027$f04$FPrestabile Didattica LEADER 01463nam a2200313 i 4500 001 991003365099707536 005 20020503190948.0 008 931005s1992 it ||| | ita 020 $a881194772 035 $ab10495083-39ule_inst 035 $aEXGIL119567$9ExL 040 $aDip.to Filol. Ling. e Lett.$bita 082 0 $a401.41 110 2 $aSocietà di linguistica italiana$0330439 245 13$aLa Linguistica Pragmatica :$batti del 25. Congresso della Società di Linguistica :$bMilano, 4-6 settembre 1990 /$ca cura di Giovanni Gobber 260 $aRoma :$bM. Bulzoni,$c1992 300 $aX, 574 p. ;$c21 cm. 490 0 $aPubblicazioni della Società di linguistica italiana ;$v32 650 4$aLinguistica pragmatica 700 1 $aGobber, Giovanni 907 $a.b10495083$b21-02-17$c27-06-02 912 $a991003365099707536 945 $aLE008 FL.M. (f.r.) V B 147$g1$i2008000495145$lle008$o-$pE0.00$q-$rl$s- $t0$u1$v0$w1$x0$y.i10571310$z27-06-02 945 $aLE008 FL.M. (f.r.) XL 83/16-8$g1$iLE008N-9707$lle008$o-$pE0.00$q-$rl$s- $t0$u0$v0$w0$x0$y.i10571322$z27-06-02 945 $aLE008 FL.M GL. D 220$g1$i2008000408954$lle008$o-$pE0.00$q-$rl$s- $t0$u0$v0$w0$x0$y.i15001982$z16-09-09 945 $aLE008 FL.M. (f.r.) V B 147 bis$g1$i2008000410063$lle008$o-$pE0.00$q-$rl$s- $t0$u1$v2$w1$x0$y.i15012086$z09-10-09 996 $aLinguistica pragmatica$978191 997 $aUNISALENTO 998 $ale008$b01-01-93$cm$da $e-$fita$git $h3$i2